A lengyel igazságügyi küldöttség látogatása

Elmentve itt :
Bibliográfiai részletek
Szerző: Szilágyi Mózes
Dokumentumtípus: Cikk
Megjelent: 1969-06-13
Sorozat:Délmagyarország 59 No. 134
Kulcsszavak:Walczak, Stanislaw, Politikai élet Szeged 1969, Tápé, külföldi politikusok látogatásai
Online Access:http://dmarchiv.bibl.u-szeged.hu/71178
LEADER 00553nab a2200157 i 4500
001 delm71178
005 20180928082400.0
008 180928s1969 hu o 0|| hun d
040 |a SZTE Délmagyarország Archívum  |b hun 
041 |a hun 
100 1 |a Szilágyi Mózes 
245 1 2 |a A lengyel igazságügyi küldöttség látogatása  |h [elektronikus dokumentum] /  |c  Szilágyi Mózes 
260 |c 1969-06-13 
300 |a 1 
490 0 |a Délmagyarország  |v 59 No. 134 
695 |a Walczak, Stanislaw, Politikai élet Szeged 1969, Tápé, külföldi politikusok látogatásai